| Registos Bibliográficos associados ao registo de autoridade |
|
Etiqueta de registo: 00000nam 2200025 450 001 2117125 003 http://id.bnportugal.gov.pt/bib/catbnp/2117125 010 ## $a978-989-54401-8-4 021 ## $aPT$b500740/22 100 ## $a20221130d2022 m y0pory01030103ba 101 0# $apor$aeng 102 ## $aPT 105 ## $aa z 000yy 106 ## $ar 200 1# $aHotel do Mar, 1960-1970$eterraces on a cliff by the sea$fcoord. Maria Melo$gpesq. Luís Filipe Fernandes$gtrad. Isabel Azevedo Rodrigues$gfot. Horácio Novais, Nuno Cera 205 ## $a1ª ed$d1st ed 210 #9 $aLisboa$cA+A Books,$d2022 215 ## $a128, [4] p.$cil.$d26 cm 225 2# $aSingle$v3 305 ## $aEd. bilingue em português e inglês 675 ## $a728.5.012Silva, Francisco da Conceição(042)$vBN$zpor$31865813 675 ## $a728.5(=1:469.412)"19"(042)$vBN$zpor$31865814 702 #1 $94$aMelo,$bMaria$4340$31959354 702 #1 $93$aFernandes,$bLuís Filipe$4205$31865545 702 #1 $aRodrigues,$bIsabel Azevedo$4730$31666177 702 #1 $aNovais,$bHorácio$4600$31865547 702 #1 $aCera,$bNuno,$f1972-$4600$3873389 801 #0 $aPT$bBN$gRPC 856 41 $uhttp://rnod.bnportugal.gov.pt/ImagesBN/winlibimg.aspx?skey=&doc=2117125&img=171990&save=true 900 ## $aBIBNAC$d20230126 966 ## $lBN$mFGMON$sB.A. 48035 V.$x1 966 ## $lBN$mFGMON$sB.A. 48035 V.-D$x1 971 ## $carosa$d20221130 972 ## $e0$z0$d20230126$vasantos 973 ## $caalmeid$d20221205
Etiqueta de registo: 00254nam 2200025 450 001 2288901 003 http://id.bnportugal.gov.pt/bib/catbnp/2288901 010 ## $a978-989-35720-0-9 021 ## $aPT$b533426/24 100 ## $a20260625d2024 m y0pory01030103ba 101 0# $apor$aeng 102 ## $aPT 105 ## $ay z 000yy 106 ## $ar 200 1# $aÁlvaro Siza Vieira$eobra completa, obra incompleta$fcoord.-geral Maria Melo$ged. científico Michel Toussaint$gpesquisa, prod. Luís Filipe Fernandes$gtextos Alexandre Alves Costa... [et al.]$gcolab. Joana Carneiro$gtrad. Isabel Azevedo Rodrigues$gfot. Mariana Abrantes, Nuno Cera 205 ## $a1ª ed 210 #9 $aLIsboa $cA+A Books,$d2024 215 ## $a2 v.$d23 cm 305 ## $aEd. bilingue em português e inglês 702 #1 $94$aMelo,$bMaria$4340$31959354 702 #1 $aToussaint,$bMichel,$f1946-$4245$386218 702 #1 $93$aFernandes,$bLuís Filipe$4560$31865545 702 #1 $aCosta,$bAlexandre Alves,$f1939-$4070$3183150 702 #1 $aCarneiro,$bJoana,$f1982-$4205$31465464 702 #1 $aRodrigues,$bIsabel Azevedo$4730$31666177 702 #1 $aAbrantes,$bMariana Pinto$4600$31839330 702 #1 $aCera,$bNuno,$f1972-$4600$3873389 801 #0 $aPT$bBN$gRPC 966 ## $b0001$dv. 1$lBN$mFGMON$x1 966 ## $b001$dv. 1$lBN$mFGMON$x1 966 ## $b001$dv. 2$lBN$mFGMON$x1 966 ## $b001$dv. 2$lBN$mFGMON$x1 971 ## $cjbeatriz$d20260625
|
|
|